00709cam a22002291 4500001001300000003000400013005001700017008004100034010001700075035002000092040005000112042001200162050002500174082001000199110003600209245004800245260004800293300001800341490002600359650003800385810005600423l 52000170 DLC20260227111543.0840326s1952 dcu f000 0 eng c al 52000170  a(OCoLC)10561232 aU.S. Dept. of Labor. LibrarycAMAUdAMAUdDLC apremarc00aHD6093b.A35 no. 241 a331.41 aUnited States.bWomen's Bureau.10aEmployment of women in an emergency period. aWashingtonb[U.S. Govt. Print. Off.]c1952. a13 p.c23 cm.1 aIts Bulletinvno. 241 0aWomenxEmploymentzUnited States.1 aUnited States.bWomen's Bureau.tBulletinvno. 241.